|
|
|
|
| LEADER |
00000nab a2200000 a 4500 |
| 001 |
vtls010071631 |
| 003 |
SK-MaSNL |
| 005 |
20260304160938.0 |
| 008 |
250507c2009 xo |||||||||||000 b|slo |
| 015 |
|
|
|a SNBRB2010/03
|2 snkbucl
|
| 035 |
|
|
|a (uuid)fe709c4a-9cc5-419a-a695-07142890871d
|
| 035 |
|
|
|a urn:nbn:sk:snk-ab15qt
|
| 035 |
|
|
|a (urnnbn)urn:nbn:sk:snk:ar-a06o1z
|
| 038 |
|
|
|a SNKBUCL
|
| 040 |
|
|
|a SNKBUCL
|b slo
|c SNKBUCL
|e AACR2
|
| 041 |
0 |
|
|a slo
|b eng
|
| 044 |
|
|
|a xo
|c SK
|
| 080 |
|
|
|a 532.543-023.818
|2 2001
|
| 080 |
|
|
|a 628.2
|2 2001
|
| 100 |
1 |
|
|a Velísková, Yvetta,
|d 1964-
|4 aut
|9 11292
|
| 245 |
1 |
0 |
|a Určenie miery pozdĺžnej disperzie pri prúdení s voľnou hladinou v prizmatickom kanáli
|n časť 1:
|p priamy úsek trasy
|c Yvetta Velísková, Renáta Dulovičová, Marek Sokáč
|
| 300 |
|
|
|b Grafy, obr., tab.
|
| 504 |
|
|
|a Bibliogr. odkazy
|
| 546 |
|
|
|a Res. angl.
|
| 650 |
0 |
7 |
|a stokové siete
|2 snkbucl
|9 321752
|
| 650 |
0 |
7 |
|a prizmatické kanály
|2 snkbucl
|9 1484251
|
| 650 |
0 |
7 |
|a prúdenie vody
|2 snkbucl
|9 428140
|
| 650 |
0 |
7 |
|a transport látok
|2 snkbucl
|9 930020
|
| 650 |
0 |
7 |
|a terénny výskum
|2 snkbucl
|9 71863
|
| 700 |
1 |
|
|a Dulovičová, Renáta
|4 aut
|9 12155
|
| 700 |
1 |
|
|a Sokáč, Marek
|4 aut
|9 12477
|
| 773 |
0 |
|
|t Acta hydrologica slovaca
|g Roč. 10, č. 1 (2009), s. 35-43
|x 1335-6291
|
| 850 |
|
|
|a Slovenská národná knižnica
|
| 852 |
|
|
|a Slovenská národná knižnica
|
| 954 |
|
|
|a odborná, vedecká literatúra pôvodná (slovenská)
|2 lita
|
| 958 |
|
|
|a article27
|
| 958 |
|
|
|a NB
|
| 958 |
|
|
|a OND
|
| 958 |
|
|
|a EUIPO
|
| 999 |
|
|
|c 2969321
|d 2971251
|